RURAL finance : guiding principles

Bibliographic Details
Other Authors: Kropp, Schmidt
Format: Book
Published: Bonn, Germany : Bundesministerium fur wirschaftliche Zusammenarbeit , 1987
Series:Rural development series
Subjects:

MARC

LEADER 00000cam a2200000 7i4500
001 0000002383
005 20030604.0
020 0 0 |a 3880853509 
090 0 0 |a 332   |b RUR 1987 
245 0 0 |a RURAL finance :   |b guiding principles   |c edited by R.H. Schmidt and Erhard Kropp 
260 0 0 |a Bonn, Germany :   |b Bundesministerium fur wirschaftliche Zusammenarbeit ,   |c 1987 
300 |a viii, 158 p. :   |b col. ill. ;   |c 21cm. 
440 0 0 |a Rural development series 
500 0 0 |a Bibliography: p.150-158 
650 0 0 |a Finance 
700 0 1 |a Kropp   |h Erhard 
700 0 1 |a Schmidt   |h R. H. 
998 |a JPSM 
999 |a 0000004135   |b Monograph   |c Open Shelf   |e Default branch